Ancient and medieval world : from evolution of humans to the crisis of feudalism /

Ancient and Medieval World provides an accessible overview of the period ranging from the evolution of human beings to the end of the Middle Ages in Europe. The book intricately weaves in the research findings of the last decade, which brought about new dimensions on social, economic, political, rel...

Full description

Bibliographic Details
Main Author: Kumar, Rakesh (Historian) (Author)
Format: Book
Language:English
Published: New Delhi ; Thousand Oaks, California : SAGE Publications India Pvt Ltd, 2018.
Series:Sage texts.
Subjects:

MARC

Tag First Indicator Second Indicator Subfields
LEADER 00000cam a2200000 i 4500
001 in00004036632
005 20181023092151.0
008 171218s2018 ii b 001 0 eng c
010 |a  2017039320 
020 |a 9789351508700  |q (print (pb) : alk. paper) 
020 |a 9351508706 
035 |a (OCoLC)on1039221674 
040 |a DLC  |e rda  |c DLC  |d TXA  |d UtOrBLW 
049 |a TXAM 
050 0 0 |a D20  |b .K86 2018 
082 0 0 |a 909  |2 23 
100 1 |a Kumar, Rakesh  |c (Historian),  |e author.  |0 http://id.loc.gov/authorities/names/no2018068744 
245 1 0 |a Ancient and medieval world :  |b from evolution of humans to the crisis of feudalism /  |c Rakesh Kumar. 
264 1 |a New Delhi ;  |a Thousand Oaks, California :  |b SAGE Publications India Pvt Ltd,  |c 2018. 
300 |a xii, 434, 7 pages :  |b illustrations, maps ;  |c 24 cm. 
336 |a text  |b txt  |2 rdacontent 
337 |a unmediated  |b n  |2 rdamedia 
338 |a volume  |b nc  |2 rdacarrier 
490 1 |a Sage texts 
504 |a Includes bibliographical references and index. 
505 0 |a Evolution of humans; palaeolithic and mesolithic cultures -- Beginnings of agriculture and animal husbandry -- Bronze Age civilisations-I: (Mesopotamia and Egypt) -- Bronze Age civilisations-II: (Shang and Minoan) -- Nomadic groups in Central and West Asia: advent of iron and its implications -- Ancient Greece -- Ancient Rome-I: Rome under republic, principate and empire -- Ancient Rome- II: religion and culture in ancient Rome and the crisis and decline of the Roman Empire -- Feudal polity, society and economy in Europe: 8th-14th century -- Religion and culture in medieval Europe -- Islamic societies in West Asia. 
520 |a Ancient and Medieval World provides an accessible overview of the period ranging from the evolution of human beings to the end of the Middle Ages in Europe. The book intricately weaves in the research findings of the last decade, which brought about new dimensions on social, economic, political, religious and several other themes of the ancient and medieval world. It presents a comprehensive and well-balanced assessment of the various developments, discoveries and debates in human history that paved the way for the modern world. The use of various maps, images, tables and other robust pedagogical features will motivate readers to read more and help them to connect better with the topic. 
650 0 |a World history.  |0 http://id.loc.gov/authorities/subjects/sh85148201 
830 0 |a Sage texts.  |0 http://id.loc.gov/authorities/names/no2008030123 
945 |a PromptCat 
948 |a cataloged  |b h  |c 2018/6/11  |d c  |e dmitchel  |f 4:20:10 pm 
994 |a C0  |b TXA 
999 f f |s a3883666-9d91-313a-aa05-f7f81ca7d63b  |i dea82eb4-9519-3868-b08d-b7977a12104f  |t 0 
952 f f |p normal  |a Texas A&M University  |b College Station  |c Sterling C. Evans Library  |d Evans: Library Stacks  |t 0  |e D20 .K86 2018  |h Library of Congress classification  |i unmediated -- volume  |m A14850485997 
998 f f |a D20 .K86 2018  |t 0  |l Evans: Library Stacks